| 000 | 01208nas a2200385 4500 | ||
|---|---|---|---|
| 001 | BR2010003185 | ||
| 003 | BR-BrBNA | ||
| 005 | 20231205114113.0 | ||
| 007 | ta | ||
| 008 | 230509b bl.|||p| |||| 00| 00por d | ||
| 040 |
_aBR-BrBNA _bpor _cBiblioteca Nacional de Agricultura |
||
| 041 | _a(Pt) | ||
| 072 | _aL50; L02; L01 | ||
| 100 | 1 | _aGrande, P.A. | |
| 100 | 1 | _aAlcalde, C.R. | |
| 100 | 1 | _aLima, L. S. de | |
| 100 | 1 | _aAyer, I.M. | |
| 100 | 1 | _aMacedo, F. de A.F. de | |
| 100 | 1 | _aMatsushita, M. | |
| 245 | 1 | _aCaracterísticas quantitativas da carcaça e qualitativas do músculo Longissimus dorsi de cabritos três quartos Boer + um quarto Saanen confinados recebendo rações contendo grãos de oleaginosas | |
| 650 | _aCABRITO | ||
| 650 | _aÁCIDO GRAXO | ||
| 650 | _aLIPÍDIO | ||
| 650 | _aCARNE | ||
| 650 | _aQUALIDADE | ||
| 650 | _aCARCAÇA | ||
| 650 | _aRENDIMENTO | ||
| 650 | _aRAÇÃO | ||
| 650 | _aCOMPOSIÇÃO QUÍMICA | ||
| 650 | _aMÚSCULO | ||
| 650 | _aCONFINAMENTO | ||
| 773 | 0 |
_tRevista Brasileira de Zootecnia (Brazil) _xISSN 1516-3598 _g(Jun 2009), v. 38(6) p. 1104-1113 _wBR2010003185 |
|
| 909 |
_a202311 _bLúcia _c55 _dLúcia Elande |
||
| 942 |
_2AGRIS _n0 _cANA |
||
| 999 |
_c207089 _d207089 |
||